[Event "VI Open Internacional Málaga"]
[Site "Málaga ESP"]
[Date "2003.02.26"]
[Round "8.15"]
[White "Liñan Baena, Jeronimo"]
[Black "Collas, Didier"]
[Result "0-1"]
[WhiteElo "2176"]
[BlackElo "2422"]
[PlyCount "98"]
[EventDate "2003.02.21"]
[Source "lmi"]
[SourceDate "2003.02.28"]

1. d4 d5 2. Bg5 c6 3. e3 Qb6 4. b3 a5 5. Nf3 a4 6. Nbd2 Bg4 7. Be2 e6 8. c3 h6
9. Bf4 Nf6 10. b4 Nbd7 11. O-O Qd8 12. Re1 Be7 13. Ne5 Bxe2 14. Qxe2 Nxe5 15.
Bxe5 O-O 16. Bxf6 Bxf6 17. f4 g6 18. a3 Bg7 19. Qd3 b6 20. Rac1 c5 21. Nf3 Qd6
22. Rc2 Rfc8 23. Rec1 Rc7 24. g3 Rac8 25. Kf2 Qc6 26. Ne1 Qb7 27. Kg1 Ra8 28.
Kf2 Bf8 29. h4 Qa6 30. Qxa6 Rxa6 31. Ke2 Ra8 32. Kd3 Rac8 33. Nf3 Kg7 34. g4
Be7 35. g5 Rh8 36. Rf1 Bd6 37. b5 hxg5 38. hxg5 Ra8 39. c4 cxd4 40. exd4 Rac8
41. c5 bxc5 42. dxc5 Rxc5 43. Rxc5 Rxc5 44. Rb1 e5 45. Nd2 Rc8 46. b6 Bxa3 47.
b7 Rb8 48. Rb5 Bc1 49. Nb1 a3 0-1

[Event "VI Open Internacional Málaga"]
[Site "Málaga ESP"]
[Date "2003.02.27"]
[Round "9.1"]
[White "Tiviakov, Sergei"]
[Black "Cheparinov, Ivan"]
[Result "1/2-1/2"]
[WhiteElo "2635"]
[BlackElo "2478"]
[PlyCount "31"]
[EventDate "2003.02.21"]
[Source "lmi"]
[SourceDate "2003.02.28"]

1. e4 c5 2. c3 d6 3. d4 Nf6 4. Bd3 g6 5. Nf3 Bg7 6. O-O O-O 7. h3 d5 8. e5 Ne4
9. Nbd2 Bf5 10. Qe2 Nxd2 11. Bxd2 Bxd3 12. Qxd3 cxd4 13. cxd4 Nc6 14. b4 Qd7
15. b5 Nd8 16. Rfc1 1/2-1/2

[Event "VI Open Internacional Málaga"]
[Site "Málaga ESP"]
[Date "2003.02.27"]
[Round "9.8"]
[White "Vasquez, Rodrigo"]
[Black "Jaime Montalvan, Luis Felipe"]
[Result "1-0"]
[WhiteElo "2481"]
[BlackElo "2307"]
[PlyCount "61"]
[EventDate "2003.02.21"]
[Source "lmi"]
[SourceDate "2003.02.28"]

1. e4 c5 2. Nf3 e6 3. d4 cxd4 4. Nxd4 Nf6 5. Nc3 d6 6. Be3 a6 7. f3 b5 8. g4
Nfd7 9. Qd2 Nb6 10. O-O-O N8d7 11. Ndxb5 axb5 12. Nxb5 d5 13. Qc3 Rxa2 14. Kb1
Na4 15. Nc7+ Ke7 16. Qb4+ Kf6 17. e5+ Kg6 18. Bd3+ f5 19. gxf5+ Kf7 20. fxe6+
Kg8 21. Qf4 Rxb2+ 22. Kc1 Nxe5 23. Qxe5 Bd6 24. Qxg7+ Kxg7 25. Rhg1+ Kf6 26.
Bg5+ Ke5 27. Rde1+ Kd4 28. Be3+ Ke5 29. f4+ Kf6 30. Bd4+ Ke7 31. Rg7+ 1-0

[Event "VI Open Internacional Málaga"]
[Site "Málaga ESP"]
[Date "2003.02.27"]
[Round "9.9"]
[White "Ivanov, Jordan"]
[Black "Munoz Moreno, Francisco Javier"]
[Result "1/2-1/2"]
[WhiteElo "2446"]
[BlackElo "2291"]
[PlyCount "143"]
[EventDate "2003.02.21"]
[Source "lmi"]
[SourceDate "2003.02.28"]

1. c4 Nf6 2. Nc3 e6 3. Nf3 Bb4 4. Qb3 Qe7 5. g3 Bxc3 6. Qxc3 b6 7. Bg2 Bb7 8.
O-O O-O 9. d3 c5 10. a3 d5 11. b4 d4 12. Qb2 e5 13. bxc5 bxc5 14. e4 Nc6 15.
Nh4 Rab8 16. f4 Bc8 17. Qc2 Ne8 18. Nf5 Qc7 19. fxe5 Nxe5 20. Bf4 f6 21. g4 Nd6
22. h4 Bxf5 23. exf5 Nxg4 24. Qe2 Ne3 25. Bd5+ Kh8 26. Bxe3 Rbe8 27. Be6 dxe3
28. Qxe3 g6 29. Qf4 gxf5 30. Rae1 Re7 31. Re3 Nf7 32. Qxc7 Rxc7 33. Rxf5 Nd6
34. Rd5 Nf7 35. Rf3 Nd6 36. Bf5 Kg7 37. Kf2 Nf7 38. h5 Ne5 39. h6+ Kxh6 40.
Rh3+ Kg5 41. Rxh7 Rxh7 42. Bxh7 Rf7 43. Be4 Rc7 44. Ke3 Rc8 45. a4 Rc7 46. a5
Rc8 47. a6 Rc7 48. Rd6 Ng4+ 49. Kd2 Ne5 50. Re6 Ng4 51. Rd6 Kf4 52. Bb7 f5 53.
Rd5 Ne5 54. Kc3 Rd7 55. Rxd7 Nxd7 56. d4 Ke3 57. Bc8 cxd4+ 58. Kb4 Ne5 59. Bxf5
d3 60. Kc5 d2 61. Bc2 Nd3+ 62. Kb5 Kd4 63. Bb3 Kc3 64. Bd1 Nb2 65. Be2 Nxc4 66.
Kc6 Na5+ 67. Kc7 Kb4 68. Kb8 Nc6+ 69. Kb7 Kc5 70. Bd1 Kb5 71. Be2+ Kc5 72. Bd1
1/2-1/2

[Event "VI Open Internacional Málaga"]
[Site "Málaga ESP"]
[Date "2003.02.27"]
[Round "9.10"]
[White "Tissir, Mohamed"]
[Black "Alonso, Salvador"]
[Result "0-1"]
[WhiteElo "2366"]
[BlackElo "2443"]
[PlyCount "70"]
[EventDate "2003.02.21"]
[Source "lmi"]
[SourceDate "2003.02.28"]

1. e4 c5 2. Nc3 g6 3. f4 Bg7 4. Nf3 Nc6 5. Bb5 d6 6. Bxc6+ bxc6 7. O-O f5 8. e5
Nh6 9. exd6 exd6 10. Re1+ Kf7 11. Ng5+ Kf8 12. h3 Nf7 13. Nf3 Qf6 14. Qe2 Bd7
15. Qa6 Nd8 16. Na4 Bc8 17. Qa5 Ne6 18. d3 Qd8 19. Qd2 h6 20. Rb1 Kf7 21. b4
Rb8 22. a3 Nd4 23. Nxd4 cxd4 24. c4 c5 25. Qc2 Qd7 26. Bd2 Bb7 27. Re2 Bc6 28.
b5 Ba8 29. Rbe1 Rhe8 30. Nb2 Bf6 31. Qa4 Qb7 32. Qd1 Bh4 33. Rf1 Rxe2 34. Qxe2
Re8 35. Qf3 Qe7 0-1

[Event "VI Open Internacional Málaga"]
[Site "Málaga ESP"]
[Date "2003.02.27"]
[Round "9.11"]
[White "Aleksieva, Silvia"]
[Black "Bellon Lopez, Juan Manuel"]
[Result "1/2-1/2"]
[WhiteElo "2333"]
[BlackElo "2313"]
[PlyCount "85"]
[EventDate "2003.02.21"]
[Source "lmi"]
[SourceDate "2003.02.28"]

1. e4 c5 2. Nf3 e6 3. d4 cxd4 4. Nxd4 Nf6 5. Nc3 Nc6 6. a3 Qc7 7. Be2 a6 8. O-O
Nxd4 9. Qxd4 Bd6 10. Kh1 Be5 11. Qd3 b5 12. f4 Bxc3 13. bxc3 Bb7 14. e5 Ne4 15.
Bf3 f5 16. exf6 Nxf6 17. a4 bxa4 18. Bxb7 Qxb7 19. Rxa4 O-O 20. Ba3 Rf7 21. Bd6
a5 22. h3 Ne8 23. Be5 Qc6 24. Rd4 a4 25. f5 a3 26. fxe6 Qxe6 27. Rxf7 Qxf7 28.
Rf4 Nf6 29. c4 a2 30. Rf1 Qe6 31. Qg3 d6 32. Ba1 Qe2 33. Re1 Nh5 34. Qc3 Qf2
35. c5 dxc5 36. Qe5 Rf8 37. Bc3 Qf5 38. Qxf5 Rxf5 39. Ra1 Ng3+ 40. Kh2 Nf1+ 41.
Kg1 Ne3 42. Rxa2 g5 43. Be1 1/2-1/2

[Event "VI Open Internacional Málaga"]
[Site "Málaga ESP"]
[Date "2003.02.27"]
[Round "9.14"]
[White "Olsen, Peter Erik"]
[Black "Saldaño, Horacio"]
[Result "1/2-1/2"]
[WhiteElo "2270"]
[BlackElo "2442"]
[PlyCount "118"]
[EventDate "2003.02.21"]
[Source "lmi"]
[SourceDate "2003.02.28"]

1. d4 Nf6 2. c4 g6 3. Nc3 Bg7 4. e4 d6 5. Bg5 h6 6. Bh4 O-O 7. f4 c5 8. d5 Qa5
9. Qd2 e6 10. dxe6 Bxe6 11. Bd3 Re8 12. Nge2 Nc6 13. O-O Bd7 14. Rad1 Nd4 15.
Nxd4 cxd4 16. Bxf6 Bxf6 17. Nd5 Qd8 18. Nxf6+ Qxf6 19. Bc2 d3 20. Bxd3 Bc6 21.
Rfe1 Re7 22. Re2 Rae8 23. Rde1 Qd4+ 24. Qe3 Qxe3+ 25. Rxe3 f5 26. e5 dxe5 27.
fxe5 Kg7 28. R3e2 Rd8 29. Bc2 Rd4 30. b3 Rg4 31. h3 Rg3 32. Kh2 Rc3 33. Rd1 f4
34. Rd6 Rg3 35. e6 Kf6 36. b4 Re3 37. Rxe3 fxe3 38. Kg3 e2 39. Kf2 Bxg2 40. h4
Bf3 41. Bd3 g5 42. hxg5+ hxg5 43. Bxe2 Bxe2 44. Kxe2 Rxe6+ 45. Rxe6+ Kxe6 46.
Ke3 Ke5 47. a4 g4 48. a5 a6 49. b5 Kd6 50. bxa6 bxa6 51. Kf4 Kc5 52. Kxg4 Kb4
53. Kf3 Kxa5 54. Ke4 Kb6 55. Kd5 a5 56. Kd6 Kb7 57. Kd7 Kb6 58. Kd6 Kb7 59. Kd7
Kb6 1/2-1/2

[Event "VI Open Internacional Málaga"]
[Site "Málaga ESP"]
[Date "2003.02.27"]
[Round "9.15"]
[White "Parfenov, Pavel"]
[Black "Baron Rodriguez, Jesus"]
[Result "0-1"]
[WhiteElo "2252"]
[BlackElo "2414"]
[PlyCount "30"]
[EventDate "2003.02.21"]
[Source "lmi"]
[SourceDate "2003.02.28"]

1. d4 Nf6 2. Nf3 d5 3. Bg5 e6 4. Nbd2 Nbd7 5. e3 Be7 6. Bd3 b6 7. c3 Bb7 8. Qa4
O-O 9. Ne5 a6 10. Nc6 Bxc6 11. Qxc6 b5 12. Bf4 Ra7 13. a4 Nb8 14. Bxc7 Rxc7 15.
Qb6 b4 0-1